|
|
|
|
| LEADER |
00700nam a22002171a 4500 |
| 020 |
|
|
|a 9780761933106
|c 0.00
|
| 040 |
|
|
|a SSUS - Library - Kalady
|
| 082 |
|
|
|a 338.91
|b REI/E
|
| 100 |
|
|
|a Reidar Dale
|
| 245 |
|
|
|a Evaluating development programmes and projects
|h [Text]
|
| 250 |
|
|
|a 2nd
|
| 260 |
|
|
|a New Delhi
|b Sage
|c 2006
|
| 300 |
|
|
|a 213p.
|
| 600 |
|
|
|a Economic Development Projects
|
| 600 |
|
|
|a Economics
|
| 600 |
|
|
|a Production Economics
|
| 600 |
|
|
|a Social Sciences
|
| 852 |
|
|
|h 338.91
|i REI/E
|p 057252
|9 420.00
|t 0
|
| 942 |
|
|
|c BK
|
| 999 |
|
|
|c 14046
|d 14046
|
| 952 |
|
|
|0 0
|1 0
|4 0
|6 338_910000000000000_REI_E
|7 0
|9 20119
|a SSUS
|b SSUS
|d 2015-01-08
|g 420.00
|o 338.91 REI/E
|p 057252
|r 2015-03-02
|v 0.00
|w 2015-01-08
|y BK
|